01008cam a2200289 i 450000100060000000300080000600500170001400800410003102000150007203500190008704000230010604100080012908200250013710000340016224500740019626000540027030000330032449000190035750400370037665000250041365000390043870000470047783000270052494200120055199900170056395201380058070255BD-RjUL20211209081959.0770714s1977 waua b 001 0 eng  a0295955538 a(BD-RjUL)70469 aDLCcDLCdDLCbeng aeng00a571.45223bSTM 19771 aStewart, John Cedric.920806012aA manual of radiobiology /cby John C. Stewart and David M. Hawcroft. aSeattle :bUniversity of Washington Press,c1977. axi, 202 p. :bill. ;c23 cm.0 aBiology series aIncludes bibliography and index. 0aRadiobiology9165125 0aRadiobiologyxExperiments.92080611 aHawcroft, David M.,ejoint author.9208062 aBiology series9208065 2ddccBK c70255d70255 00102ddc40718NFICaRUCLbRUCLcReadingd1995-10-29eAsia Foundationl0o571.45 STM 1977r2017-04-16 00:00:00tC-1w2017-04-16yBK